000 nam a22 7a 4500
999 _c8515
_d8515
008 180117b ||||| |||| 00| 0 eng d
100 _94906
_aSARNA.C.S ET AL
245 _aCOMPSITE MATHEMATICS-VI
260 _aNEW DELHI
_bARYA
_c2007